000 00246nam a2200109Ia 4500
008 190216s9999||||xx |||||||||||||| ||und||
100 _aThayat Sankaran
245 0 _aChinda Sourabam
260 _bNbs Kottayam
650 _aKavithkal
942 _cBK
999 _c25354
_d25354